| 000 -LEADER |
| fixed length control field |
01214cam a22003497a 4500 |
| 003 - CONTROL NUMBER IDENTIFIER |
| control field |
OSt |
| 005 - DATE AND TIME OF LATEST TRANSACTION |
| control field |
20200808114841.0 |
| 008 - FIXED-LENGTH DATA ELEMENTS--GENERAL INFORMATION |
| fixed length control field |
100318s2009 enkab b 001 0 eng |
| 010 ## - LIBRARY OF CONGRESS CONTROL NUMBER |
| LC control number |
2009674564 |
| 016 7# - NATIONAL BIBLIOGRAPHIC AGENCY CONTROL NUMBER |
| Record control number |
015308307 |
| Source |
Uk |
| 016 7# - NATIONAL BIBLIOGRAPHIC AGENCY CONTROL NUMBER |
| Record control number |
015303149 |
| Source |
Uk |
| 020 ## - INTERNATIONAL STANDARD BOOK NUMBER |
| International Standard Book Number |
9781906093228 (hbk.) |
| 020 ## - INTERNATIONAL STANDARD BOOK NUMBER |
| International Standard Book Number |
1906093229 (hbk.) |
| 020 ## - INTERNATIONAL STANDARD BOOK NUMBER |
| International Standard Book Number |
9781906093211 (hbk.) |
| 020 ## - INTERNATIONAL STANDARD BOOK NUMBER |
| International Standard Book Number |
1906093210 (hbk.) |
| 035 ## - SYSTEM CONTROL NUMBER |
| System control number |
(OCoLC)ocn423602070 |
| 042 ## - AUTHENTICATION CODE |
| Authentication code |
ukblcatcopy |
| -- |
lccopycat |
| 050 00 - LIBRARY OF CONGRESS CALL NUMBER |
| Classification number |
HT166 |
| Item number |
.G689 2009 |
| 082 04 - DEWEY DECIMAL CLASSIFICATION NUMBER |
| Classification number |
363.738746091732 |
| Edition number |
22 |
| 245 00 - TITLE STATEMENT |
| Title |
Green CITYnomics : |
| Remainder of title |
the urban war against climate change / |
| Statement of responsibility, etc |
edited by Kenny Tang ; with special assistance from Lorraine Tang. |
| 260 ## - PUBLICATION, DISTRIBUTION, ETC. (IMPRINT) |
| Place of publication, distribution, etc |
Sheffield : |
| Name of publisher, distributor, etc |
Greenleaf, |
| Date of publication, distribution, etc |
c2009. |
| 300 ## - PHYSICAL DESCRIPTION |
| Extent |
xiii, 298 p. : |
| Other physical details |
ill., maps ; |
| Dimensions |
24 cm. |
| 504 ## - BIBLIOGRAPHY, ETC. NOTE |
| Bibliography, etc |
Includes bibliographical references and index. |
| 650 #0 - SUBJECT ADDED ENTRY--TOPICAL TERM |
| Topical term or geographic name as entry element |
City planning |
| General subdivision |
Climatic factors. |
| 650 #0 - SUBJECT ADDED ENTRY--TOPICAL TERM |
| Topical term or geographic name as entry element |
Sustainable urban development. |
| 650 #0 - SUBJECT ADDED ENTRY--TOPICAL TERM |
| Topical term or geographic name as entry element |
Greenhouse gas mitigation. |
| 700 1# - ADDED ENTRY--PERSONAL NAME |
| Personal name |
Tang, Kenny. |
| 700 1# - ADDED ENTRY--PERSONAL NAME |
| Personal name |
Tang, Lorraine. |
| 906 ## - LOCAL DATA ELEMENT F, LDF (RLIN) |
| a |
7 |
| b |
cbc |
| c |
copycat |
| d |
2 |
| e |
ncip |
| f |
20 |
| g |
y-gencatlg |
| 942 ## - ADDED ENTRY ELEMENTS (KOHA) |
| Source of classification or shelving scheme |
|
| 955 ## - COPY-LEVEL INFORMATION (RLIN) |
| Book number/undivided call number, CCAL (RLIN) |
hf04 2010-03-18 z-processor to USAN/UKI |
| Copy information and material description, CCAL + MDES (RLIN) |
hf04 2010-03-18 to USAN/UKI for subject work |